000 00790 a2200181 4500
003 Nust
005 20170207153207.0
040 _cNust
082 _a005.1
100 _aAwan, Usman Aftab ( MSCS-7)
245 _aDesign and implementation of link access control/medium accesscontrol protocol of CDMA2000 on 3GPP-2 standards
_cUsman Aftab Awan
260 _bMCS,NUST
_c2005
_aRawalpindi
300 _avii, 85, p.;
505 _aIntroduction (page-1) Third generation partnership project (3GPP2) and CDMA2000 (page-5) Network architecture (page-13) CDMA2000 protocol stack model (page-21) Radio link protocol (page-30) Implementation of the protocol in software form (page-48) Analysis and conclusion (page-57)
538 _aAlmirah No 73 Shelf No 1
650 _aPG Thesis
651 _aMSCS-7
942 _cTHS
999 _c181251
_d181251